Microwave and Radar Engineering (Record no. 4482)

MARC details
000 -LEADER
fixed length control field 00413nam a22001697a 4500
005 - DATE AND TIME OF LATEST TRANSACTION
control field 20160628145118.0
008 - FIXED-LENGTH DATA ELEMENTS--GENERAL INFORMATION
fixed length control field 160628b xxu||||| |||| 00| 0 eng d
020 ## - INTERNATIONAL STANDARD BOOK NUMBER
ISBN 978-93-5014-151-9
041 ## - LANGUAGE CODE
Language code of text/sound track or separate title eng
082 ## - DEWEY DECIMAL CLASSIFICATION NUMBER
Item number 11495
100 ## - MAIN ENTRY--AUTHOR NAME
Personal name Gautam, Dr. A.K.
245 ## - TITLE STATEMENT
Title Microwave and Radar Engineering
260 ## - PUBLICATION, DISTRIBUTION, ETC. (IMPRINT)
Name of publisher Katson Books
Year of publication 2012
300 ## - PHYSICAL DESCRIPTION
Number of Pages 474
650 ## - SUBJECT ADDED ENTRY--TOPICAL TERM
Topical Term Diploma Engineering
942 ## - ADDED ENTRY ELEMENTS (KOHA)
Koha item type Books
Holdings
Lost status Damaged status Home library Current library Shelving location Date acquired Cost, normal purchase price Full call number Accession Number Koha item type
    JRU Library   SHELF-41-H 28/06/2016 250.00 11495 11495 Books
    JRU Library   SHELF-41-G 28/06/2016 250.00 11495 11496 Books
    JRU Library   SHELF-41-G 28/06/2016 250.00 11495 11497 Books
    JRU Library   SHELF-41-H 28/06/2016 250.00 11495 11498 Books
    JRU Library   SHELF-41-G 28/06/2016 250.00 11495 11499 Books
    JRU Library   SHELF-41-G 28/06/2016 250.00 11495 11500 Books
    JRU Library     28/06/2016 250.00 11495 11501 Books
    JRU Library   SHELF-41-G 28/06/2016 250.00 11495 11502 Books
    JRU Library   SHELF-41-G 28/06/2016 250.00 11495 11503 Books
    JRU Library   SHELF-41-H 28/06/2016 250.00 11506 11506 Books
    JRU Library   SHELF-41-H 28/06/2016 250.00 11506 11507 Books
    JRU Library   SHELF-41-G 28/06/2016 250.00 11506 11508 Books
    JRU Library   SHELF-41-G 28/06/2016 250.00 11506 11509 Books
    JRU Library   SHELF-41-G 28/06/2016 250.00 11506 11510 Books
    JRU Library   SHELF-41-H 28/06/2016 250.00 11506 11511 Books
    JRU Library   SHELF-41-G 28/06/2016 250.00 11506 11512 Books
    JRU Library   SHELF-41-G 28/06/2016 250.00 11506 11513 Books
    JRU Library   SHELF-41-H 28/06/2016 250.00 11506 11514 Books
    JRU Library   SHELF-41-H 28/06/2016 250.00 11506 11515 Books
    JRU Library   SHELF-41-G 28/06/2016 250.00 11506 11516 Books
    JRU Library   SHELF-41-G 28/06/2016 250.00 11506 11517 Books
    JRU Library   SHELF-41-G 28/06/2016 250.00 11506 11518 Books
    JRU Library   SHELF-41-G 28/06/2016 250.00 11506 11519 Books
    JRU Library   SHELF-41-H 28/06/2016 250.00 11506 11520 Books
    JRU Library   SHELF-41-G 28/06/2016 250.00 11506 11521 Books
    JRU Library   SHELF-41-G 28/06/2016 250.00 11506 11522 Books
    JRU Library   SHELF-41-G 28/06/2016 250.00 11506 11523 Books
    JRU Library   SHELF-41-G 28/06/2016 250.00 11506 11524 Books
    JRU Library   SHELF-41-H 28/06/2016 250.00 11506 11525 Books
    JRU Library   SHELF-41-G 28/06/2016 250.00 11506 11526 Books
    JRU Library   SHELF-41-G 28/06/2016 250.00 11506 11527 Books
    JRU Library   SHELF-41-G 28/06/2016 250.00 11506 11528 Books
    JRU Library   SHELF-41-G 28/06/2016 250.00 11506 11529 Books
    JRU Library   SHELF-40-H 28/06/2016 250.00 11506 11530 Books